[Event "Sebes GP op"]
[Site "Sebes"]
[Date "2023.11.05"]
[Round "5"]
[White "Toncheva, Nadya"]
[Black "Nedelcu, Ionut"]
[Result "1-0"]
[WhiteElo "2253"]
[BlackElo "1920"]
[PlyCount "31"]
[EventDate "2023.11.04"]
[EventType "swiss"]
[EventRounds "10"]
[EventCountry "ROU"]
[SourceTitle "CB46_2023"]
[SourceDate "2023.11.15"]
[SourceVersion "1"]
[SourceVersionDate "2023.11.15"]
[SourceQuality "1"]

1. e4 e6 2. d4 d5 3. Nd2 dxe4 4. Nxe4 Nd7 5. Nf3 Ngf6 6. Bd3 Nxe4 7. Bxe4 Nf6 8. Bd3 c5 9. 0-0 cxd4 10. Nxd4 Bc5 11. c3 0-0 12. Be3 Nd5 13. Nxe6 Nxe3 14. Bxh7+ Kh8 15. Qh5 Qd5 16. Bf5+ 1-0